Wheels Car of the Year - Statistics

General Stats
  • This quiz has been taken 10 times
    4 since last reset
  • The average score is 10 of 56
Answer Stats
Year Winner Dual Award Winner % Correct
2002 Ford Falcon BA
75%
1965 Ford Falcon XP
75%
1966 Ford Falcon XR
75%
1978 Holden Commodore VB
75%
2006 Holden Commodore VE
75%
1988 Holden Commodore VN
75%
1993 Holden Commodore VR
75%
1997 Holden Commodore VT
75%
2012 Toyota 86 Subaru BR-Z
50%
1976 Volkswagen Golf Mk1
50%
2009 Volkswagen Golf Mk 6
50%
2013 Volkswagen Golf Mk 7
50%
1974 Volkswagen Passat B1
50%
2014 BMW i3
25%
2004 Ford Territory
25%
1977 Honda Accord
25%
1987 Honda Prelude
25%
2007 Mercedes Benz C-Class
25%
1999 Mercedes Benz S-class
25%
2010 Volkswagen Polo Mk5
25%
1972 Award Withheld
0%
1979 Award Withheld
0%
1986 Award Withheld
0%
1971 Chrysler Valiant Charger VH
0%
1967 Chrysler Valiant VE
0%
2001 Holden Barina
0%
1982 Holden Camira JB
0%
1975 Holden Gemini TX
0%
1968 Holden Monaro HK
0%
1969 Holden Torana LC
0%
2008 Honda Accord Euro
0%
2011 Honda CR-Z
0%
1991 Honda NSX Nissan Pulsar
0%
1995 Honda Odyssey
0%
1990 Lexus LS400
0%
1973 Leyland P76 V8
0%
1980 Mazda 323
0%
1983 Mazda 626 Ford Telstar
0%
1992 Mazda 626 Ford Telstar
0%
2017 Mazda CX-9
0%
2005 Mazda MX5
0%
2016 Mazda MX-5
0%
1989 Mazda MX-5 NA
0%
2003 Mazda RX8
0%
1981 Mercedes Benz 380SE
0%
1996 Mitsubishi Magna TE/Verada KE
0%
1985 Mitsubishi Magna TM
0%
1984 Mitsubishi Nimbus
0%
1964 Morris 1100
0%
1970 Renault 12
0%
1963 Renault 8
0%
2000 Subaru Impreza
0%
1994 Subaru Liberty
0%
1998 Subaru Liberty Wagon
0%
2019 Volvo XC40
0%
2018 Volvo XC60
0%
No matching quizzes found
Score Distribution
Percent of People with Each Score
Percentile by Number Answered
Your Score History
You have not taken this quiz since the last reset